000 00870nam a2200253Ia 4500
003 OSt
005 20220923214408.0
006 a|||||r|||| 00| 0
007 ta
008 220922b |||||||| |||| 00| 0 hin d
024 _a169,365
037 _cTextual
040 _aARTS
_cARTS
_bhin
041 _2hin
_ahin
082 _aO152,1J32x, J8.;L3.1-.2
100 _aशुक्ल, रामचंद्र, संपा.
245 0 _aतुलसी ग्रंथावली
246 _aTulasī granthāvalī
260 _aवाराणसी
_b नागरीप्रचारिणी सभा
_c1973
490 _vखंड-3
650 _aहिन्दी साहित्य
_9156264
942 _hO152,1J32x, J8.;L3.1-.2
_cTEXL
_2CC
999 _c323821
_d323821